• 首页
  • 本馆介绍
  • 公告通知
  • 最新文献
  • 馆藏检索
  • 电子资源
  • 读者导购
  • 参考咨询
  • 我的图书馆
  • 登录
  • 详细信息显示
  • 放入我的书架
  • 预约/预借图书
  • 作者相关作品
  • 分类相关作品
  • 丛书相关作品
  • 出版社相关作品

书目信息

  • 表格格式
  • 工作单格式
  • 卡片格式
题名:
世界趋势2050
    
 
作者: 王鸿刚, 著
分册:  
出版信息: 北京   中信出版社  2018
页数: 430页
开本: 22cm
丛书名:
单 册:
中图分类: D50
科图分类:
主题词: 国际形势--guo ji xing shi--研究
电子资源:
ISBN: 978-7-5086-9499-3
000 01798nam0 2200277 45
001 012001007113
005 20130301150410.0
010    @a978-7-5086-9499-3@b精装@dCNY69.00
099    @aCAL 012019011176
100    @a20181112d2018 em y0chiy50 ea
101 0  @achi
102    @aCN@b110000
105    @ay z 000yy
106    @ar
200 1  @a世界趋势2050@Ashi jie qu shi 2050@d= Global trend 2050@f王鸿刚著@zeng
210    @a北京@c中信出版社@d2018
215    @a430页@d22cm
314    @a王鸿刚 (1976-), 吉林人。本科和硕士阶段就读于吉林大学哲学系,博士毕业于中国现代国际关系研究院。现任中国现代国际关系研究院美国研究所所长,此前曾任该院世界政治研究所所长。
330    @a本书内容简介:从新时代开局到21世纪中叶的30多年,是实现中华民族伟大复兴的最关键时期。在此期间,世界将发生哪些变化,对中国会产生什么影响,中国应怎样进行战略运筹,是这本书要回答的核心问题。这本书的观点是:未来30年,世界将在多重危机的持续作用下进入深刻重塑状态。世界经济发展的不平衡、不充分、不公正和不可持续问题将越来越突出,急需解决;各国长期累积的政治社会矛盾造成民粹思潮和民粹运动风起云涌,不断侵蚀各国内部的思想共识,激化各国之间的敌意和对抗;多数国家还将长期面临治理思路不清、治理能力不足的难题,加剧经济不振、政治不和与社会不稳,各国民众强烈渴求更加先进的治国方略;现代国际秩序的演进和作为重中之重的中美关系,也必将发生深刻复杂的变化。不进则退,小进也退。作者认为,面对这样的形势,中国应努力规避重大安全风险,敏锐捕捉新型战略机遇,主动塑造外部发展环境,勇于承担历史使命和时代责任,从而确保实现民族复兴伟业和全球公平正义。
333    @a政策相关领域研究人员、大学生、对世界政治感兴趣的读者
510 1  @aGlobal trend 2050@zeng
606 0  @a国际形势@Aguo ji xing shi@x研究
690    @aD50@v5
701  0 @a王鸿刚,@Awang hong gang@f1976-@4著
801  2 @aCN@b上海新华@c20191020
905    @b1132863-6@dD50@e255@f4
    
    世界趋势2050= Global trend 2050/王鸿刚著.-北京:中信出版社,2018
    430页;22cm
    使用对象:政策相关领域研究人员、大学生、对世界政治感兴趣的读者
    
    ISBN 978-7-5086-9499-3(精装):CNY69.00
    本书内容简介:从新时代开局到21世纪中叶的30多年,是实现中华民族伟大复兴的最关键时期。在此期间,世界将发生哪些变化,对中国会产生什么影响,中国应怎样进行战略运筹,是这本书要回答的核心问题。这本书的观点是:未来30年,世界将在多重危机的持续作用下进入深刻重塑状态。世界经济发展的不平衡、不充分、不公正和不可持续问题将越来越突出,急需解决;各国长期累积的政治社会矛盾造成民粹思潮和民粹运动风起云涌,不断侵蚀各国内部的思想共识,激化各国之间的敌意和对抗;多数国家还将长期面临治理思路不清、治理能力不足的难题,加剧经济不振、政治不和与社会不稳,各国民众强烈渴求更加先进的治国方略;现代国际秩序的演进和作为重中之重的中美关系,也必将发生深刻复杂的变化。不进则退,小进也退。作者认为,面对这样的形势,中国应努力规避重大安全风险,敏锐捕捉新型战略机遇,主动塑造外部发展环境,勇于承担历史使命和时代责任,从而确保实现民族复兴伟业和全球公平正义。
●
相关链接 在E读中查询图书 在五车中查询图书 在当当中查询图书 在豆瓣中查询图书


正题名:世界趋势2050     索取号:D50/255         预约/预借

序号 登录号 条形码 馆藏地/架位号 状态 备注
1 1132863   211328632   第一样本阅览室/ [索取号:D50/255] 在馆    
2 1132864   211328641   第一借阅区/ [索取号:D50/255] 在馆    
3 1132865   211328650   第一借阅区/ [索取号:D50/255] 在馆    
4 1132866   211328669   第一借阅区/ [索取号:D50/255] 在馆    
唐山师范学院图书馆 欢迎您!
大连网信软件有限公司© 版权所有